Yleisimmät antibiootit Suomessa - Statistics

Yleistilastot
  • Tätä visaa on pelattu 12 kertaa
  • Keskiarvotulos 11 / 45
Vastaustilastot
% Oikein
. amoksisilliini
80%
. piperasilliini
80%
. kefuroksiimi
70%
. meropeneemi
60%
. tatsobaktaami
60%
. doksisykliini
50%
. kefaleksiini
50%
. keftriaksoni
50%
. kloksasilliini
50%
. metronidatsoli
50%
. ampisilliini
40%
. bentsyylipenisilliini
40%
. klavulaanihappo
40%
. klindamysiini
40%
. moksifloksasiini
40%
. vankomysiini
40%
. flukloksasilliini
30%
. siprofloksasiini
30%
. tetrasykliini
30%
. atsitromysiini
20%
. gentamysiini
20%
. levofloksasiini
20%
. linetsolidi
20%
. nitrofurantoiini
20%
. pivmesillinaami
20%
. sulfametoksatsoli
20%
. trimetopriimi
20%
. erytromysiini
10%
. fenoksimetyylipenisilliini
10%
. fusidiini
10%
. rifampisiini
10%
. atstreonaami
0%
. daptomysiini
0%
. etambutoli
0%
. imipeneemi
0%
. isoniatsidi
0%
. klaritromysiini
0%
. kloramfenikoli
0%
. lentosilliini
0%
. lymesykliini
0%
. metenamiinihippuraatti
0%
. pyratsiiniamidi
0%
. roksitromysiini
0%
. tardosilliini
0%
. tobramysiini
0%
Ehtoja vastaavia visoja ei löytynyt
Tulosjakauma
Jokaisen tuloksen saaneiden osuus
Persentiili vastausten määrän mukaan
Tuloshistoriasi
Et ole pelannut tätä visaa